00497nam a2200181 a 4500001001300000003000900013005001700022008004100039020002300080082001700103100001600120245006400136260004100200300000900241500003500250650001400285700001600299nice12345678IN_TiNIC20260116014449.0070412s2003 newa grp 000 0 eng  a076192616X c80000a303.625bMAR aMartin, Gus aUnderstanding Terrorism Challenges, Perspectives and Issues aNew Delhi bSage Publications c2003 a413p aincludes index and biblioraphy aTerrorism1 aMartin, Gus